000 00547nam a22001937a 4500
005 20251108172938.0
008 250721s2000 xx 000 0 ara d
082 1 4 _a226/خول
100 1 _aالخولي، محمد علي
245 1 0 _aمقارنة بين الأناجيل الأربعة /
250 _aط2
264 1 _aعمان :
_bدار الفلاح للنشر،
_c2000.
300 _a272ص
650 1 7 _aالدين المقارن
650 1 7 _aالمسيحية
650 1 7 _aالأناجيل
942 _2ddc
_cBK
999 _c92469
_d92469